000 00716nam a2200229 i 4500
001 130794
003 ES-MaACL
005 20250820043203.0
007 t|
008 070808s1958 sp ||||1| spa d
100 1 _aZedelgem, Amadeo de.
_9118136
245 1 0 _aHistoria del Via Crucis /
_cAmadeo de Zedelgem ; versión del francés por R. P. Crispín de Riezu.
260 _a[Bilbao] :
_bDesclée de Brouwer,
_c1958.
300 _a180 p. ;
_c19 cm.
490 1 _aSpiritus
600 0 4 _aJesucristo-
_xPasión
_966375
650 1 7 _aVía crucis
_2embne
_917772
700 1 _aRiezu, Crispín.
_997175
830 0 _aSpiritus
_9181888
852 _aES-MaACL
_jC-14842
_bR.42399
999 _c130794
_d130794